00430nam a2200145Ia 4500008004100000100002000041245003900061245001900100260004000119260000900159300003000168440006200198650000900260650001500269190813s9999 xx 000 0 und d aPetka, Kathleen aCelebrating poetry and Eric Carle/ cKathleen Petka bPublisher's Development Corporation c2018 aPages 16-18, October 2018 aArts and Activities: Paper, cardboard and collagev164: 2 aArts aEric Carle